[Event "Ì17Ï "]
[Site "Loo"]
[Date "2017.04.20"]
[Round "1.16"]
[White "ßðîñëàâöåâ, Àðòåì."]
[Black "Êîëèåâ, Èðëàí."]
[Result "1/2-1/2"]
[WhiteElo "2022"]
[BlackElo "1739"]
[PlyCount "57"]
[EventDate "2017.04.20"]

1. e4 e6 2. d4 d5 3. Nc3 dxe4 4. Nxe4 Nd7 5. Nf3 Be7 6. Bd3 Ngf6 7. Nxf6+ Nxf6
8. O-O O-O 9. Bg5 b6 10. Bxf6 Bxf6 11. Be4 Rb8 12. Ne5 Bxe5 13. dxe5 Bb7 14.
Bxb7 Rxb7 15. Qf3 Rb8 16. Rfd1 Qe7 17. Rd3 Qc5 18. Qe2 Rfd8 19. Rad1 Rd5 20.
Rxd5 exd5 21. c3 c6 22. Qg4 h6 23. Qd4 Re8 24. f4 f6 25. b4 fxe5 26. fxe5 Qe7
27. Re1 Qe6 28. a4 Rc8 29. Rd1 1/2-1/2

[Event "Ì17Ï "]
[Site "Loo"]
[Date "2017.04.20"]
[Round "1.17"]
[White "Êîëõèäîâ, Àçàìàò."]
[Black "Ïåòðåíêî, Êèðèëë."]
[Result "0-1"]
[WhiteElo "1712"]
[BlackElo "1999"]
[PlyCount "46"]
[EventDate "2017.04.20"]

1. e4 e6 2. d3 d5 3. Nd2 Nf6 4. Ngf3 Nc6 5. g3 Bc5 6. Bg2 O-O 7. O-O dxe4 8.
dxe4 e5 9. c3 a5 10. Qc2 Qe7 11. Nc4 b6 12. Be3 Ba6 13. Nfd2 Bxe3 14. fxe3 Qc5
15. b3 b5 16. Nb2 Qxe3+ 17. Kh1 Rad8 18. Nf3 Qc5 19. Rad1 Ng4 20. Nd3 Qb6 21.
c4 bxc4 22. bxc4 Ne3 23. Qc1 Bxc4 0-1

[Event "Ì17Ï "]
[Site "Loo"]
[Date "2017.04.20"]
[Round "1.18"]
[White "Íóðèñòàíè, Èìàí."]
[Black "Íàóðáèåâ, Àõìåä."]
[Result "1/2-1/2"]
[WhiteElo "1998"]
[BlackElo "1707"]
[PlyCount "80"]
[EventDate "2017.04.20"]

1. d4 d5 2. c4 c6 3. Nc3 Nf6 4. e3 e6 5. Qc2 Nbd7 6. Nf3 Bd6 7. b3 O-O 8. Bb2
e5 9. Be2 Qc7 10. dxe5 Nxe5 11. cxd5 cxd5 12. h3 h6 13. Qd2 Bf5 14. Nd4 Ne4 15.
Nxe4 Bxe4 16. Nb5 Qe7 17. Nxd6 Qxd6 18. f3 Bh7 19. O-O Rac8 20. Rac1 Nc6 21.
Rfd1 Qe6 22. b4 Ne7 23. Rxc8 Rxc8 24. e4 Bg6 25. Qd4 f6 26. Bb5 a6 27. exd5
Qxd5 28. Qxd5+ Nxd5 29. Rxd5 axb5 30. Rxb5 Rc2 31. Bd4 Rd2 32. Bc5 Rd7 33. a4
Kf7 34. Rb6 Bd3 35. Kf2 Bc4 36. a5 Kg6 37. b5 Rd5 38. Bb4 Rxb5 39. Rxb5 Bxb5
40. g3 Kf7 1/2-1/2

[Event "Ì17Ï "]
[Site "Loo"]
[Date "2017.04.20"]
[Round "1.19"]
[White "Ãàâðèê, Àëåêñàíäð."]
[Black "Òðåòüÿêîâ, Ñòåïàí."]
[Result "1/2-1/2"]
[WhiteElo "1688"]
[BlackElo "1995"]
[PlyCount "104"]
[EventDate "2017.04.20"]

1. e4 c5 2. Nf3 Nc6 3. d4 cxd4 4. Nxd4 g6 5. Nc3 Bg7 6. Be3 Nf6 7. Bc4 O-O 8.
O-O d6 9. h3 Bd7 10. Qd2 Rc8 11. Bb3 a6 12. a3 Na5 13. Ba2 Nc4 14. Bxc4 Rxc4
15. f3 b5 16. Rfd1 Qb8 17. Nde2 Rfc8 18. Bd4 a5 19. Rdc1 Qc7 20. Nd1 Be6 21. c3
Rc6 22. Nf2 Bc4 23. Nd3 Bxd3 24. Qxd3 Nd7 25. Bxg7 Kxg7 26. b4 Rc4 27. Kh1 a4
28. Qe3 Rb8 29. Ra2 Qb6 30. Qg1 Ne5 31. Rd2 Qc7 32. Qe3 Rc6 33. Qd4 Kg8 34. Nf4
e6 35. Ne2 Nc4 36. Ra2 Rcb6 37. Rd1 Rd8 38. f4 Rbb8 39. Qf2 Qb6 40. Qxb6 Nxb6
41. Nd4 Rbc8 42. Nxb5 d5 43. exd5 Nxd5 44. Rad2 Rc4 45. Rd4 Rdc8 46. Rxd5 exd5
47. Nd6 Rxc3 48. Nxc8 Rxc8 49. Rxd5 Rc3 50. b5 Rxa3 51. Rd4 Rb3 52. Rxa4 Rxb5
1/2-1/2

[Event "Ì17Ï "]
[Site "Loo"]
[Date "2017.04.20"]
[Round "1.20"]
[White "Àïïàíîâ, Àðòåì."]
[Black "Ìàìîøèí, Îëåã."]
[Result "1-0"]
[WhiteElo "1992"]
[BlackElo "1668"]
[PlyCount "81"]
[EventDate "2017.04.20"]

1. d4 Nf6 2. c4 g6 3. Nc3 Bg7 4. Bg5 O-O 5. e3 d6 6. Be2 Nbd7 7. Qc2 e5 8. Nf3
c6 9. O-O Qc7 10. b4 a6 11. dxe5 Nxe5 12. Nxe5 dxe5 13. c5 Be6 14. Rfd1 Rfd8
15. Rxd8+ Rxd8 16. Ne4 Qe7 17. Nd6 h6 18. Bxf6 Bxf6 19. a4 Qc7 20. Bc4 Bxc4 21.
Qxc4 b5 22. axb5 axb5 23. Qa2 e4 24. Rf1 Be5 25. Nxe4 Bxh2+ 26. Kh1 Be5 27. f4
Bg7 28. f5 gxf5 29. Nd6 Rd7 30. Nxf5 Qa7 31. Qe2 Kh7 32. Qg4 f6 33. Qe4 Kh8 34.
Qxc6 Rb7 35. Nd6 Rc7 36. Nxb5 Rxc6 37. Nxa7 Rc7 38. Nb5 Rb7 39. c6 Rb8 40. c7
Rc8 41. Rd1 1-0

[Event "Ì17Ï "]
[Site "Loo"]
[Date "2017.04.20"]
[Round "1.21"]
[White "Äîáðûíèí, ßðîñëàâ."]
[Black "Çèñèí, Îëåã."]
[Result "0-1"]
[WhiteElo "1662"]
[BlackElo "1988"]
[PlyCount "88"]
[EventDate "2017.04.20"]

1. e4 c5 2. Nf3 d6 3. d4 cxd4 4. Nxd4 Nf6 5. Nc3 a6 6. Bg5 Nbd7 7. f4 Qc7 8.
Qf3 h6 9. Bxf6 Nxf6 10. f5 b5 11. O-O-O Bb7 12. Nd5 Nxd5 13. exd5 O-O-O 14. Rd3
b4 15. Rb3 a5 16. Nc6 Bxc6 17. dxc6 d5 18. Ba6+ Kb8 19. Bb7 e5 20. fxe6 fxe6
21. Qe2 Bc5 22. Qb5 Qb6 23. Qxb6 Bxb6 24. c3 Bc5 25. cxb4 axb4 26. Rf1 Rhf8 27.
Rbf3 Rxf3 28. Rxf3 Rf8 29. Rxf8+ Bxf8 30. Kd2 Kc7 31. Kd3 Bc5 32. Ke2 g5 33. g4
Bd4 34. b3 Kd6 35. Kd3 Bb6 36. Kd2 e5 37. Kd3 e4+ 38. Ke2 Ke5 39. Bc8 d4 40.
Kd2 d3 41. Bf5 Kd4 42. Bg6 Bc7 43. h3 e3+ 44. Kd1 e2+ 0-1

[Event "Ì17Ï "]
[Site "Loo"]
[Date "2017.04.20"]
[Round "1.22"]
[White "Òÿòþøêèí, Äàíèë."]
[Black "Âîëêîâ, Ãðèãîðèé."]
[Result "1-0"]
[WhiteElo "1985"]
[BlackElo "1651"]
[PlyCount "85"]
[EventDate "2017.04.20"]

1. e4 c5 2. c3 d6 3. d4 Nf6 4. Bd3 a6 5. f4 cxd4 6. cxd4 Qb6 7. h3 Nc6 8. Nf3
Bd7 9. Bc2 Nb4 10. Nc3 Nxc2+ 11. Qxc2 Rc8 12. Qf2 e6 13. Be3 d5 14. exd5 exd5
15. O-O Bb4 16. Bd2 O-O 17. Ne5 Qd6 18. Qe1 Rfe8 19. a3 Ba5 20. b4 Bb6 21. Be3
Rc7 22. Rc1 Rec8 23. Nd3 Bf5 24. Nc5 Re8 25. Qd2 Rce7 26. Rce1 Ne4 27. N3xe4
Bxe4 28. f5 Kh8 29. Bf4 Qd8 30. g4 Bc7 31. Bg5 Qd6 32. Bh4 Rb8 33. f6 Ree8 34.
fxg7+ Kxg7 35. Bf6+ Kg8 36. Nxe4 Qh2+ 37. Qxh2 Bxh2+ 38. Kxh2 dxe4 39. Be5 Rbc8
40. Rc1 e3 41. Rfe1 f6 42. Bxf6 Kf7 43. Be5 1-0

[Event "Ì17Ï "]
[Site "Loo"]
[Date "2017.04.20"]
[Round "1.23"]
[White "Ôîìè÷åâ, Èëüÿ."]
[Black "Çàõàðîâ, Íèêèòà."]
[Result "0-1"]
[WhiteElo "1648"]
[BlackElo "1980"]
[PlyCount "58"]
[EventDate "2017.04.20"]

1. e4 c5 2. Nf3 Nc6 3. d4 cxd4 4. Nxd4 e5 5. Nb5 a6 6. Nd6+ Bxd6 7. Qxd6 Qf6 8.
Qc7 Nge7 9. Nc3 Nb4 10. Bd3 d5 11. O-O d4 12. Ne2 Nec6 13. f4 O-O 14. a3 Nxd3
15. cxd3 Bg4 16. Ng3 Rfc8 17. Qb6 exf4 18. Bxf4 Qe7 19. h3 Be6 20. Rac1 a5 21.
Ne2 Qd7 22. Bg3 a4 23. Bf2 Ra6 24. Qc5 Ra5 25. Qb6 Rg5 26. Nxd4 Bxh3 27. Nxc6
bxc6 28. Rc2 Rxg2+ 29. Kh1 Qd6 0-1

[Event "Ì17Ï "]
[Site "Loo"]
[Date "2017.04.20"]
[Round "1.24"]
[White "Íàêîíå÷íûé, Èãíàò."]
[Black "Êóðáàíîâ, Íàðèìàí."]
[Result "1-0"]
[WhiteElo "1977"]
[BlackElo "1614"]
[PlyCount "61"]
[EventDate "2017.04.20"]

1. Nf3 g6 2. g3 Bg7 3. Bg2 Nf6 4. O-O O-O 5. d3 c5 6. e4 Nc6 7. c3 d5 8. e5 Ne8
9. Qe2 Bg4 10. Bf4 Nc7 11. Nbd2 Ne6 12. h3 Nxf4 13. gxf4 Bd7 14. Nb3 b6 15. d4
c4 16. Nc1 Qc8 17. Kh2 b5 18. Qe3 b4 19. Ne2 Rb8 20. b3 cxb3 21. axb3 bxc3 22.
Nxc3 Rxb3 23. Nd2 Rb2 24. Nxd5 e6 25. Nc3 Qc7 26. Na4 Rbb8 27. Nc5 Nb4 28. Rfc1
Qd8 29. Rxa7 Bb5 30. f5 gxf5 31. Nxe6 1-0

[Event "Ì17Ï "]
[Site "Loo"]
[Date "2017.04.20"]
[Round "1.25"]
[White "Ìóðòàçèí, Ðèôàò."]
[Black "Êàðåëîâ, Ïàâåë."]
[Result "1-0"]
[WhiteElo "1592"]
[BlackElo "1969"]
[PlyCount "105"]
[EventDate "2017.04.20"]

1. e4 c5 2. Nf3 g6 3. c3 Bg7 4. d4 cxd4 5. cxd4 d5 6. e5 Nh6 7. Bb5+ Nc6 8. h3
O-O 9. O-O a6 10. Bxc6 bxc6 11. Be3 Nf5 12. Nc3 Nxe3 13. fxe3 Rb8 14. Na4 f6
15. exf6 exf6 16. Qc2 Qe8 17. Rfe1 Bf5 18. Qc3 Qd7 19. Nc5 Qc8 20. b4 Re8 21.
a3 Bf8 22. Rac1 Bd6 23. Nd3 Rb6 24. Nf2 g5 25. Qd2 h6 26. Rc3 Bb8 27. Rec1 Qc7
28. Ng4 Kg7 29. Ngh2 h5 30. Nf1 Be4 31. Qe2 Re6 32. N3d2 Bg6 33. Qf3 Qe7 34.
Nb3 f5 35. Nc5 Rf6 36. Na4 Rb7 37. Rxc6 Rxc6 38. Rxc6 a5 39. Nc5 axb4 40. axb4
Rxb4 41. Qxd5 Rb1 42. Qe6 Qxe6 43. Nxe6+ Kg8 44. Nxg5 Be8 45. Rc8 Kf8 46. Kf2
h4 47. Nf3 Rb2+ 48. N1d2 Bg3+ 49. Ke2 Ke7 50. Kd3 Ra2 51. Rc5 Ra3+ 52. Ke2 Bg6
53. Ne5 {äàëåå çàïèñü íåðàçáîð~~èâà} 1-0

[Event "Ì17Ï "]
[Site "Loo"]
[Date "2017.04.20"]
[Round "1.26"]
[White "Ðîãîöêèé, Þðèé."]
[Black "Öîïàíîâ, Ìèõàèë."]
[Result "1-0"]
[WhiteElo "1960"]
[BlackElo "1586"]
[PlyCount "113"]
[EventDate "2017.04.20"]

1. d4 d5 2. c4 e6 3. Nc3 Nf6 4. cxd5 exd5 5. Bg5 Nbd7 6. e3 c6 7. Bd3 Be7 8.
Nge2 O-O 9. Qc2 Re8 10. O-O h6 11. Bh4 Ne4 12. Bxe7 Qxe7 13. Rae1 Ndf6 14. f3
Nxc3 15. Nxc3 Be6 16. Qb1 c5 17. Ne2 Bd7 18. Ng3 cxd4 19. exd4 Qb4 20. Ne2 Re3
21. a3 Qb6 22. Rd1 Rae8 23. Nc3 Kh8 24. Kh1 a6 25. Qc1 Qe6 26. Bb1 Bc6 27. Qd2
Nh5 28. Qc2 g6 29. f4 Qg4 30. f5 Re2 31. Nxe2 Rxe2 32. Qxe2 Qxe2 33. Rde1 Qd2
34. Rd1 Qe2 35. Rde1 Qd2 36. Rd1 Qg5 37. fxg6 fxg6 38. Rf8+ Kh7 39. Rdf1 Ng7
40. R8f6 Nf5 41. R6xf5 gxf5 42. Rxf5 Qc1+ 43. Rf1+ Qxb1 44. Rxb1 Kg6 45. Rf1
Kg7 46. g4 Bd7 47. Rc1 Bc6 48. Kg2 Kg6 49. Rf1 Kg7 50. Kg3 Kg6 51. Rf5 Kg7 52.
Kf4 Kg6 53. h4 Kg7 54. h5 Kh7 55. Ke5 Kg7 56. Kd6 Kh7 57. Rxd5 1-0

[Event "Ì17Ï "]
[Site "Loo"]
[Date "2017.04.20"]
[Round "1.27"]
[White "Ìóðàòîâ, Ìàêñèì."]
[Black "Ñèâÿêîâ, Ãåîðãèé."]
[Result "0-1"]
[WhiteElo "1581"]
[BlackElo "1959"]
[PlyCount "40"]
[EventDate "2017.04.20"]

1. e4 c5 2. Nf3 e6 3. d4 cxd4 4. Nxd4 a6 5. Nc3 b5 6. a3 Bb7 7. Be2 Nf6 8. e5
Nd5 9. Ne4 Qc7 10. f4 Nxf4 11. O-O Nxe2+ 12. Qxe2 Qxe5 13. Qf2 Bxe4 14. Qxf7+
Kd8 15. Bg5+ Qxg5 16. Nxe6+ dxe6 17. Rad1+ Bd5 18. Rf3 Bc5+ 19. Kh1 Nd7 20. Rg3
Qf6 0-1

[Event "Ì17Ï "]
[Site "Loo"]
[Date "2017.04.20"]
[Round "1.28"]
[White "Ìîñêâèí, Àíàòîëèé."]
[Black "Øóøàêîâ, Àíäðåé."]
[Result "1-0"]
[WhiteElo "1952"]
[BlackElo "1558"]
[PlyCount "41"]
[EventDate "2017.04.20"]

1. e4 c6 2. c4 e6 3. d4 d5 4. exd5 cxd5 5. Nc3 Nf6 6. Nf3 b6 7. Bg5 dxc4 8.
Bxc4 Bb7 9. Ne5 a6 10. O-O Be7 11. Qe2 b5 12. Bxb5+ Kf8 13. Ba4 Qxd4 14. Rad1
Qc5 15. Rfe1 h6 16. Bxf6 gxf6 17. Nxf7 Rg8 18. g3 Qf5 19. Nd8 Rxg3+ 20. hxg3
Qh3 21. Nxb7 1-0

[Event "Ì17Ï "]
[Site "Loo"]
[Date "2017.04.20"]
[Round "1.29"]
[White "Öóðöóìèÿ, Ðóñëàí."]
[Black "Ëèïèëèí, Èëüÿ."]
[Result "1/2-1/2"]
[WhiteElo "1548"]
[BlackElo "1951"]
[PlyCount "84"]
[EventDate "2017.04.20"]

1. d4 d5 2. Bf4 Nf6 3. e3 e6 4. h3 c5 5. c3 Nc6 6. Nf3 Bd6 7. Bxd6 Qxd6 8. Bd3
O-O 9. Nbd2 b6 10. Rc1 Bb7 11. O-O Rac8 12. Re1 Rfd8 13. Nf1 e5 14. Bb1 e4 15.
N3h2 Ne7 16. Ng3 Ne8 17. Ng4 g6 18. Ne2 h5 19. Nh2 Ng7 20. Nf4 Ne6 21. Nxe6
Qxe6 22. Kh1 Kg7 23. Qe2 f5 24. h4 Qf6 25. g3 c4 26. Rg1 b5 27. a3 a5 28. Bc2
Rb8 29. Ra1 Bc8 30. Bd1 Kf7 31. Ra2 Nc6 32. Qe1 Qd6 33. b4 axb4 34. axb4 Be6
35. Qd2 Ra8 36. Be2 Qc7 37. Rga1 Rxa2 38. Qxa2 Rd7 39. Nf1 Qb8 40. Qa8 Qxa8 41.
Rxa8 Ra7 42. Rxa7+ Nxa7 1/2-1/2

[Event "Ì17Ï "]
[Site "Loo"]
[Date "2017.04.20"]
[Round "1.30"]
[White "Øèðøîâ, Íèêîëàé."]
[Black "Êîêóåâ, Èëüÿ."]
[Result "1-0"]
[WhiteElo "1931"]
[BlackElo "1548"]
[PlyCount "141"]
[EventDate "2017.04.20"]

1. Nf3 Nf6 2. c4 e6 3. g3 d6 4. Bg2 Nbd7 5. O-O g6 6. Nc3 Bg7 7. Rb1 O-O 8. d3
c6 9. b4 d5 10. b5 a6 11. bxc6 bxc6 12. Ba3 Re8 13. Na4 a5 14. Nd4 Qc7 15. cxd5
Nxd5 16. Nb3 Ba6 17. Qc2 Bb5 18. Nbc5 N7b6 19. Nxb6 Qxb6 20. Ne4 Red8 21. Bb2
a4 22. Bxg7 Kxg7 23. a3 Kg8 24. Rfc1 Rac8 25. Qb2 Qc7 26. Nf6+ Nxf6 27. Qxf6
Qd6 28. Rb4 Rc7 29. h4 Rdc8 30. h5 Qf8 31. hxg6 hxg6 32. Bf3 Qg7 33. Qxg7+ Kxg7
34. d4 Kf8 35. e3 Ke7 36. Bd1 Kd6 37. Bxa4 Ra8 38. Bxb5 cxb5 39. Ra1 Ra5 40.
Kg2 Rca7 41. Rab1 Kc6 42. Rc1+ Kd6 43. Rc5 Rb7 44. Rb3 Ke7 45. g4 Kf6 46. g5+
Kg7 47. f4 f6 48. Kf3 f5 49. Rc6 Kf7 50. Rbc3 Raa7 51. d5 exd5 52. Rf6+ Kg7 53.
Rcc6 Rxa3 54. Rxg6+ Kh8 55. Rh6+ Kg8 56. Rhg6+ Rg7 57. Rxg7+ Kxg7 58. Rd6 Rd3
59. Ke2 Ra3 60. Rxd5 Kg6 61. Rxb5 Ra2+ 62. Kf3 Ra6 63. Rb8 Ra1 64. Rb6+ Kg7 65.
Rc6 Ra2 66. Rc3 Kg6 67. e4 fxe4+ 68. Kxe4 Ra4+ 69. Kf3 Ra5 70. Rc6+ Kf5 71.
Rf6# 1-0

[Event "Ì17Ï "]
[Site "Loo"]
[Date "2017.04.20"]
[Round "1.31"]
[White "Ìóðàâüåâ, Ìàêñèì."]
[Black "Ñåòþêîâ, Ðàäåëü."]
[Result "0-1"]
[WhiteElo "1546"]
[BlackElo "1916"]
[PlyCount "62"]
[EventDate "2017.04.20"]

1. e4 c5 2. Nf3 e6 3. d4 cxd4 4. Nxd4 Nc6 5. Be2 Nf6 6. Nc3 a6 7. O-O Be7 8. f4
Qc7 9. Be3 d6 10. Kh1 O-O 11. g4 b5 12. Bf3 Nxd4 13. Bxd4 e5 14. g5 exd4 15.
gxf6 dxc3 16. fxe7 Qxe7 17. e5 cxb2 18. exd6 Qf6 19. Rb1 Ra7 20. Bc6 Rd8 21.
Re1 g6 22. Qf3 Bd7 23. Rbd1 h5 24. Rd2 Bxc6 25. Qxc6 Rad7 26. Qxa6 Qxf4 27. Rd3
Qb4 28. Rb1 Rxd6 29. Rxd6 Rxd6 30. Qa8+ Kg7 31. Qe8 Re6 0-1

[Event "Ì17Ï "]
[Site "Loo"]
[Date "2017.04.20"]
[Round "1.32"]
[White "Âåòîõèí, Èëüÿ."]
[Black "Ñàòäàðîâ, Ìèõàèë."]
[Result "1-0"]
[WhiteElo "1913"]
[BlackElo "1496"]
[PlyCount "135"]
[EventDate "2017.04.20"]

1. d4 d5 2. c4 e6 3. Nc3 Nf6 4. cxd5 exd5 5. Bg5 Be7 6. e3 c6 7. Bd3 O-O 8. Qc2
Nbd7 9. Nf3 Re8 10. O-O Nf8 11. Bxf6 Bxf6 12. b4 Bd7 13. b5 Rc8 14. Qb3 Ne6 15.
bxc6 Bxc6 16. Rfc1 Nc7 17. a4 a6 18. Rab1 Rb8 19. a5 Qd7 20. Ne1 Rec8 21. Nc2
Be7 22. e4 dxe4 23. Bc4 Qf5 24. d5 Bd7 25. Ne3 Qg6 26. Qc2 Bg5 27. Rb6 Bf6 28.
Nxe4 Ne8 29. Nxf6+ Nxf6 30. Qxg6 hxg6 31. Rcb1 Bf5 32. Nxf5 Rxc4 33. Nd6 Rc5
34. Rxb7 Rxb7 35. Nxb7 Rxd5 36. h3 Nd7 37. Kf1 Nc5 38. Nxc5 Rxc5 39. Ra1 f5 40.
Ke2 Rd5 41. h4 Kf7 42. g3 Ke6 43. Kf3 Kf6 44. Kf4 Rb5 45. Ra4 g5+ 46. hxg5+ Kg6
47. f3 Rc5 48. Ra3 Rc4+ 49. Ke5 Kxg5 50. Kd5 Rb4 51. Rc3 f4 52. gxf4+ Rxf4 53.
Kc6 Rb4 54. Rd3 Kf4 55. Rd7 g5 56. Rf7+ Kg3 57. Rf5 g4 58. fxg4 Kxg4 59. Rc5
Kf4 60. Kc7 Ke4 61. Rc6 Kd5 62. Rxa6 Rb1 63. Rb6 Ra1 64. a6 Kc5 65. Kb7 Rh1 66.
Rc6+ Kb5 67. a7 Ra1 68. Rc7 1-0

[Event "Ì17Ï "]
[Site "Loo"]
[Date "2017.04.20"]
[Round "1.33"]
[White "Âàùåíêî, Ëåâ."]
[Black "Çàâüÿëîâ, Íèêèòà."]
[Result "0-1"]
[WhiteElo "1478"]
[BlackElo "1908"]
[PlyCount "62"]
[EventDate "2017.04.20"]

1. e4 c5 2. Nf3 Nc6 3. c3 e6 4. d4 d5 5. exd5 exd5 6. Bb5 Nf6 7. Bg5 Be7 8. O-O
O-O 9. dxc5 Be6 10. b4 h6 11. Bh4 a5 12. Nbd2 axb4 13. Bxc6 bxc6 14. cxb4 d4
15. Bxf6 Bxf6 16. Ne4 Bd5 17. Nxf6+ Qxf6 18. Qxd4 Qg6 19. Nh4 Qg5 20. f3 Rfd8
21. Qf2 Qf6 22. g3 Ra3 23. f4 Rda8 24. Rfd1 Rxa2 25. Rxa2 Rxa2 26. Qd4 Qe6 27.
b5 Qe2 28. bxc6 Qxh2+ 29. Kf1 Qh1+ 30. Qg1 Bc4+ 31. Ke1 Qxg1# 0-1

[Event "Ì17Ï "]
[Site "Loo"]
[Date "2017.04.20"]
[Round "1.34"]
[White "Óñàíèí, Ìèõàèë."]
[Black "Ìèøèí, Ñàâåëèé."]
[Result "1-0"]
[WhiteElo "1907"]
[BlackElo "1377"]
[PlyCount "91"]
[EventDate "2017.04.20"]

1. d4 Nf6 2. c4 e6 3. Nc3 d5 4. Bf4 c6 5. e3 Bd6 6. Bxd6 Qxd6 7. Nf3 Nbd7 8.
Be2 O-O 9. O-O b6 10. Qc2 Bb7 11. Rad1 Rfe8 12. e4 dxe4 13. Nxe4 Nxe4 14. Qxe4
Nf6 15. Qh4 Rad8 16. Rd3 c5 17. Rfd1 Qc7 18. Ng5 Rd7 19. Rg3 h6 20. Nh3 Kf8 21.
Nf4 Be4 22. Rh3 Bf5 23. Ra3 Rxd4 24. Rxd4 cxd4 25. Qg3 Qd7 26. Qb3 Rd8 27. Nd3
Bxd3 28. Bxd3 e5 29. f3 Ne8 30. Ra4 Nd6 31. Qa3 Ke8 32. Rxa7 Qc6 33. b3 Rd7 34.
Ra8+ Ke7 35. Bf5 Rc7 36. Bd3 Kf6 37. Rd8 Ke7 38. Rb8 Rb7 39. Be4 Qxe4 40. fxe4
Rxb8 41. c5 bxc5 42. Qxc5 Rc8 43. Qxe5+ Kd7 44. Qxd4 Rc1+ 45. Kf2 Rc2+ 46. Kf3
1-0

[Event "Ì17Ï "]
[Site "Loo"]
[Date "2017.04.20"]
[Round "1.35"]
[White "Ìàòóùàê, Äàíèèë."]
[Black "ßíãóòîâ, Àëåêñåé."]
[Result "0-1"]
[WhiteElo "1291"]
[BlackElo "1883"]
[PlyCount "78"]
[EventDate "2017.04.20"]

1. e4 c5 2. Nf3 e6 3. d4 cxd4 4. Nxd4 Nf6 5. Nc3 Bb4 6. e5 Nd5 7. Bd2 Nxc3 8.
bxc3 Bc5 9. Qg4 Kf8 10. Bd3 a6 11. O-O Qc7 12. Rae1 d6 13. f4 Nc6 14. Be3 Qb6
15. exd6 Nxd4 16. cxd4 Bxd4 17. Rf3 Qxd6 18. f5 Bxe3+ 19. Rexe3 exf5 20. Qg5 h6
21. Qf4 Qxf4 22. Rxf4 g6 23. Ref3 Be6 24. a4 Ke7 25. Rb4 Bd5 26. Re3+ Kf6 27.
Kf2 Rhe8 28. Rb6+ Bc6 29. Rxe8 Rxe8 30. Bxa6 Re6 31. Bc4 Bd5 32. Rxe6+ fxe6 33.
Bb5 Ke7 34. g3 e5 35. Ke3 Bc6 36. c4 Bxb5 37. cxb5 Kd6 38. a5 Kc5 39. a6 bxa6
0-1

[Event "Ì17Ï "]
[Site "Loo"]
[Date "2017.04.20"]
[Round "1.36"]
[White "Ëàïòåâ, Òèìîôåé."]
[Black "Êóðèíîâ, Þðèé."]
[Result "1-0"]
[WhiteElo "1870"]
[BlackElo "1254"]
[PlyCount "85"]
[EventDate "2017.04.20"]

1. e4 d5 2. exd5 Qxd5 3. Nc3 Qa5 4. d4 c6 5. Nf3 Bf5 6. Bd3 Bxd3 7. Qxd3 Nd7 8.
O-O Qc7 9. Ne2 e6 10. c4 Ngf6 11. Ng3 O-O-O 12. Qc3 h6 13. b4 Bd6 14. a4 g5 15.
Bb2 Rhg8 16. a5 a6 17. Qb3 h5 18. Rfe1 g4 19. Ne5 h4 20. Nf1 Rdf8 21. b5 Nh5
22. bxc6 bxc6 23. Ba3 Nxe5 24. dxe5 Bxa3 25. Rxa3 f6 26. c5 Kd7 27. Qd3+ Ke7
28. Qh7+ Ng7 29. exf6+ Kxf6 30. Qh6+ Ke7 31. Qxh4+ Ke8 32. Ne3 g3 33. hxg3 Qf7
34. f3 Rh8 35. Qe4 Qh5 36. Qxc6+ Kf7 37. Rb3 Rd8 38. Qc7+ Kg6 39. Rb7 Qh6 40.
Qf7+ Kh7 41. Ng4 Qg5 42. Re5 Qc1+ 43. Kh2 1-0

[Event "Ì17Ï "]
[Site "Loo"]
[Date "2017.04.20"]
[Round "1.37"]
[White "Áóðõàíîâ, Âàñèëèé."]
[Black "Ãîãè÷åâ, Ãåîðãèé."]
[Result "1-0"]
[WhiteElo "2026"]
[BlackElo "1869"]
[PlyCount "69"]
[EventDate "2017.04.20"]

1. d4 d5 2. Nf3 Nf6 3. e3 e6 4. Bd3 c5 5. b3 Nc6 6. Bb2 cxd4 7. exd4 Bd6 8.
Nbd2 O-O 9. O-O Ne7 10. Ne5 b6 11. f4 Bb7 12. Qe2 Rc8 13. g4 Nd7 14. Rae1 Ng6
15. Nxg6 hxg6 16. f5 exf5 17. gxf5 g5 18. Nf3 g4 19. Ne5 Nxe5 20. dxe5 Bc5+ 21.
Kg2 Qh4 22. Rf4 Qh3+ 23. Kh1 g3 24. Qg2 Qxh2+ 25. Qxh2 gxh2 26. Kxh2 f6 27. Rg4
Kf7 28. e6+ Ke8 29. Rxg7 Bd6+ 30. Kg1 Rc7 31. Bb5+ Kd8 32. Rxc7 Kxc7 33. e7
Rg8+ 34. Kf1 Bc5 35. e8=Q 1-0

[Event "Ì17Â "]
[Site "Loo"]
[Date "2017.04.20"]
[Round "1.1"]
[White "Ìåñòíèêîâ, Àéòàë."]
[Black "Ôàõðóòäèíîâ, Òèìóð."]
[Result "0-1"]
[WhiteElo "2163"]
[BlackElo "2437"]
[PlyCount "100"]
[EventDate "2017.04.20"]

1. e4 e5 2. Nf3 Nc6 3. Bb5 Nf6 4. d3 Bc5 5. O-O Nd4 6. Nxd4 Bxd4 7. c3 Bb6 8.
Bg5 c6 9. Bc4 h6 10. Bh4 g5 11. Bg3 d6 12. Nd2 h5 13. h4 Ng4 14. Nf3 gxh4 15.
Bxh4 f6 16. d4 Qe7 17. dxe5 dxe5 18. Qb3 Bd7 19. a4 O-O-O 20. a5 Bc7 21. Rfd1
Kb8 22. Ba6 Bc8 23. Bxb7 Bxb7 24. a6 Bb6 25. axb7 Rxd1+ 26. Rxd1 Rd8 27. Nh2
Rxd1+ 28. Qxd1 Qe6 29. Nxg4 hxg4 30. Kh2 Kxb7 31. Qd3 Bc7 32. Kg1 Qb3 33. Qe2
Qe6 34. Qd3 Qa2 35. Qc2 Bb6 36. Qd2 Qb1+ 37. Kh2 Qxe4 38. Bxf6 Qh7+ 39. Kg3 Qf5
40. Bg5 Bxf2+ 41. Qxf2 Qxg5 42. Qf7+ Kb6 43. Qb3+ Kc7 44. Qf7+ Kd6 45. Qf8+ Kd5
46. Qf7+ Ke4 47. Qc4+ Ke3 48. Qxc6 Qf4+ 49. Kh4 Kf2 50. c4 e4 0-1

[Event "Ì17Â "]
[Site "Loo"]
[Date "2017.04.20"]
[Round "1.2"]
[White "Ëîáàíîâ, Ñåðãåé."]
[Black "Ñìîð÷êîâ, Äàíèë."]
[Result "1/2-1/2"]
[WhiteElo "2429"]
[BlackElo "2151"]
[PlyCount "119"]
[EventDate "2017.04.20"]

1. e4 c5 2. Nf3 Nc6 3. d4 cxd4 4. Nxd4 g6 5. Nc3 Bg7 6. Be3 Nf6 7. Nb3 O-O 8.
Be2 d6 9. O-O Be6 10. f4 Rc8 11. Kh1 Na5 12. f5 Bc4 13. Bxa7 Bxe2 14. Qxe2 Nc4
15. Bd4 Nxb2 16. Rab1 Nc4 17. Nd2 Nxd2 18. Qxd2 Qa5 19. Qd3 Qa6 20. Rb3 Rfe8
21. Rfb1 Ng4 22. Qd2 Bxd4 23. Qxd4 Rc4 24. Qd2 Rec8 25. h3 Nf6 26. Nd5 Nxd5 27.
Qxd5 Rxc2 28. Rxb7 Qe2 29. e5 R2c5 30. Qd1 Qxe5 31. Qf1 Qxf5 32. Rxe7 Qxb1 33.
Qxb1 Rc1+ 34. Qxc1 Rxc1+ 35. Kh2 Rc2 36. a4 Ra2 37. Rd7 Rxa4 38. Rxd6 Kg7 39.
Rd7 h5 40. Kg3 g5 41. Rd5 Kg6 42. Rb5 Ra3+ 43. Kf2 Ra2+ 44. Kf3 Rd2 45. Ra5 f6
46. Rb5 Kf7 47. Rb6 Ke7 48. Ra6 Rd6 49. Ra7+ Ke6 50. Ke4 Rb6 51. Kf3 Rb5 52.
Ra3 h4 53. Ra6+ Ke5 54. Ra3 Kf5 55. Rc3 Ra5 56. Rb3 Rc5 57. Ra3 Ke5 58. Ke3 f5
59. Kf3 Rc4 60. Ra5+ 1/2-1/2

[Event "Ì17Â "]
[Site "Loo"]
[Date "2017.04.20"]
[Round "1.3"]
[White "Ñàêóëî, Äåíèñ."]
[Black "Ãàéôóëëèí, Àðòóð."]
[Result "0-1"]
[WhiteElo "2147"]
[BlackElo "2395"]
[PlyCount "118"]
[EventDate "2017.04.20"]

1. Nf3 d5 2. g3 Nf6 3. Bg2 Bg4 4. O-O c6 5. b3 Nbd7 6. Bb2 e6 7. d3 Be7 8. Nbd2
O-O 9. c4 a5 10. a3 Qb8 11. Rc1 e5 12. h3 Bh5 13. Nh4 d4 14. Nf5 Bc5 15. Rb1
Bg6 16. Nh4 Qd6 17. Qc1 Rfe8 18. Nxg6 hxg6 19. g4 Qe7 20. Re1 Rad8 21. Ra1 Nf8
22. Qc2 Ne6 23. Bc1 Nf4 24. Ne4 Nxe4 25. Bxf4 exf4 26. Bxe4 Bxa3 27. Ra2 Bb4
28. Rf1 Qh4 29. Kg2 g5 30. Qd1 g6 31. Rh1 Kg7 32. Qc2 Re5 33. Raa1 Bc3 34. Rab1
Rde8 35. Rbc1 b5 36. Qd1 R8e6 37. Rc2 Qh8 38. Ra2 Qd8 39. Qc1 a4 40. Qc2 Qe7
41. cxb5 axb3 42. Qxb3 Rxb5 43. Qc2 Qb7 44. Rc1 Rb4 45. Bf3 Re5 46. Qd1 Reb5
47. Qc2 Rb6 48. Kh2 Qe7 49. Kg2 Qe6 50. Kh2 Rb2 51. Rxb2 Rxb2 52. Qa4 Rxe2 53.
Bxe2 Qxe2 54. Qc2 f3 55. Kg1 c5 56. Qb1 Qe5 57. Qb5 Be1 58. Rc2 Bxf2+ 59. Rxf2
Qe1+ 0-1

[Event "Ì17Â "]
[Site "Loo"]
[Date "2017.04.20"]
[Round "1.4"]
[White "Ìàëûøåâ, Ãðèãîðèé."]
[Black "Ñòåïàíîâ, Àíäðåé."]
[Result "1-0"]
[WhiteElo "2383"]
[BlackElo "2147"]
[PlyCount "73"]
[EventDate "2017.04.20"]

1. d4 d5 2. c4 c6 3. cxd5 cxd5 4. Bf4 Nc6 5. Nc3 Nf6 6. e3 a6 7. Bd3 Bg4 8.
Nge2 e6 9. O-O Be7 10. Rc1 O-O 11. f3 Bh5 12. Na4 Nd7 13. Qb3 Na5 14. Qc2 Nc4
15. Bxh7+ Kh8 16. Bd3 b5 17. Nac3 g5 18. Bxc4 bxc4 19. Bg3 Bg6 20. e4 Nf6 21.
Be5 Kh7 22. h3 Rc8 23. Rcd1 Nd7 24. Bh2 Qa5 25. Qd2 Kg7 26. exd5 exd5 27. f4 f6
28. Qe3 Rce8 29. Qe6 Nc5 30. Qxd5 Bf7 31. Qc6 Nd3 32. fxg5 fxg5 33. Nc1 Nxb2
34. Be5+ Kh7 35. Rxf7+ Rxf7 36. Qxe8 Rg7 37. Rf1 1-0

[Event "Ì17Â "]
[Site "Loo"]
[Date "2017.04.20"]
[Round "1.5"]
[White "Çàé÷èêîâ, Àíäðåé."]
[Black "Êàðïåíêî, Àðòåì."]
[Result "0-1"]
[WhiteElo "2120"]
[BlackElo "2362"]
[PlyCount "76"]
[EventDate "2017.04.20"]

1. e4 e6 2. d3 d5 3. Nd2 Nf6 4. Ngf3 c5 5. g3 Nc6 6. Bg2 g6 7. O-O Bg7 8. c3
O-O 9. Re1 a5 10. e5 Ng4 11. d4 cxd4 12. cxd4 f6 13. h3 Nxf2 14. Kxf2 fxe5 15.
dxe5 Qb6+ 16. Kf1 a4 17. Nb1 Nxe5 18. Nc3 a3 19. Rb1 Nxf3 20. Bxf3 Bxc3 21.
bxc3 Qxb1 22. Kg1 Qb6+ 23. Be3 Qc7 24. Kg2 Bd7 25. Bd4 Rf7 26. h4 Raf8 27. Bg4
e5 28. Rxe5 Bxg4 29. Qxg4 Rf2+ 30. Kh3 Rxa2 31. h5 Qf7 32. Re1 Re8 33. hxg6
hxg6 34. Rh1 Qh7+ 35. Qh4 g5 36. Qxh7+ Kxh7 37. Kg4+ Kg6 38. Rf1 Re4+ 0-1